Âm nhạc và phương pháp dạy học âm nhạc Tài liệu đào tạo giáo viên tiểu học (trình độ cao đẳng và đại học sư phạm)
TH Âm nhạc 1; TH Âm nhạc 2 và phương pháp dạy học âm nhạc; MN092 Phương pháp tổ chức hoạt động âm nhạc cho trẻ mầm non
সংরক্ষণ করুন:
| প্রধান লেখক: | |
|---|---|
| অন্যান্য লেখক: | |
| বিন্যাস: | গ্রন্থ |
| ভাষা: | Undetermined |
| প্রকাশিত: |
H.
Giáo dục
2007
|
| বিষয়গুলি: | |
| অনলাইন ব্যবহার করুন: | http://lrc.tdmu.edu.vn/opac/search/detail.asp?aID=2&ID=4111 |
| ট্যাগগুলো: |
ট্যাগ যুক্ত করুন
কোনো ট্যাগ নেই, প্রথমজন হিসাবে ট্যাগ করুন!
|
| Thư viện lưu trữ: | Trung tâm Học liệu Trường Đại học Thủ Dầu Một |
|---|
| LEADER | 01010nam a2200229Ia 4500 | ||
|---|---|---|---|
| 001 | TDMU_4111 | ||
| 008 | 210410s9999 xx 000 0 und d | ||
| 082 | |a 372.87 | ||
| 090 | |b H407 | ||
| 100 | |a Hoàng, Long | ||
| 245 | 0 | |a Âm nhạc và phương pháp dạy học âm nhạc | |
| 245 | 0 | |b Tài liệu đào tạo giáo viên tiểu học (trình độ cao đẳng và đại học sư phạm) | |
| 245 | 0 | |c Hoàng Long | |
| 260 | |a H. | ||
| 260 | |b Giáo dục | ||
| 260 | |c 2007 | ||
| 300 | |a 323tr. | ||
| 520 | |a TH Âm nhạc 1; TH Âm nhạc 2 và phương pháp dạy học âm nhạc; MN092 Phương pháp tổ chức hoạt động âm nhạc cho trẻ mầm non | ||
| 650 | |a Âm nhạc |x Giảng dạy và học tập; Phương pháp dạy học |x Âm nhạc | ||
| 700 | |a Đặng, Văn Bông | ||
| 856 | |u http://lrc.tdmu.edu.vn/opac/search/detail.asp?aID=2&ID=4111 | ||
| 980 | |a Trung tâm Học liệu Trường Đại học Thủ Dầu Một | ||